[Event "AUTO-ADV-3639"]
[Site "http://www.queenalice.com/game.php?id=1437840"]
[Date "2016.8.26"]
[Round "2"]
[White "Clauceri"]
[Black "Manoeljoaquim"]
[Result "0-1"]
[WhiteElo "1846"]
[BlackElo "1896"]

1. c4 e5 2. Nc3 d6 3. g3 Nc6 4. Bg2 f5 5. d3 Nf6 6. Nf3 Be7 7. O-O O-O 8. a3 a6
9. Qc2 Rb8 10. b4 Be6 11. Ng5 Bd7 12. Nd5 Nd4 13. Qb2 Nxd5 0-1

[Event "AUTO-ADV-3654"]
[Site "http://www.queenalice.com/game.php?id=1441673"]
[Date "2016.9.17"]
[Round "2"]
[White "miltonlovisk"]
[Black "Manoeljoaquim"]
[Result "1-0"]
[WhiteElo "1965"]
[BlackElo "1895"]

1. e4 e5 2. Nf3 d5 3. Nxe5 dxe4 4. Qe2 Bf5 5. f3 Qd5 6. Nc4 Nf6 7. fxe4 Qxe4 8.
d3 Qxe2+ 9. Bxe2 Be7 10. O-O Bg6 11. Nc3 c6 12. Re1 O-O 13. Bf3 Bc5+ 14. Be3
Bxe3+ 15. Rxe3 Nbd7 16. Rae1 Nc5 17. b4 Ne6 18. b5 cxb5 19. Nxb5 a6 20. Nbd6
Rab8 21. Bxb7 Nd4 22. Rc1 Rfd8 23. Bxa6 h6 24. a4 Ng4 25. Re7 1-0

[Event "AUTO-ADV-3654"]
[Site "http://www.queenalice.com/game.php?id=1441674"]
[Date "2016.9.17"]
[Round "2"]
[White "Manoeljoaquim"]
[Black "miltonlovisk"]
[Result "0-1"]
[WhiteElo "1882"]
[BlackElo "1978"]

1. e4 e5 2. Nf3 Qf6 3. c3 Nc6 4. Bb5 h6 5. d3 Nce7 6. Be3 a5 7. Nbd2 c6 8. Ba4
b5 9. Bc2 d6 10. Qc1 g5 11. Nf1 Ng6 12. Ng3 Nf4 13. Bxf4 gxf4 14. Nf5 Bxf5 15.
exf5 Qxf5 16. Qd2 Qg6 17. O-O-O Qxg2 18. Qe2 Qg7 19. Rdg1 Qf6 20. Qe4 Kd7 21. d4
exd4 22. Nxd4 d5 23. Qf3 Bd6 24. h4 Re8 25. Qg4+ Kc7 0-1

[Event "AUTO-ADV-3654"]
[Site "http://www.queenalice.com/game.php?id=1441677"]
[Date "2016.9.17"]
[Round "2"]
[White "MarcosT"]
[Black "Manoeljoaquim"]
[Result "1-0"]
[WhiteElo "2009"]
[BlackElo "1859"]

1. e4 e5 2. Nf3 d5 3. exd5 Qxd5 4. Nc3 Qd8 5. Nxe5 Bc5 6. Bc4 Bxf2+ 7. Kxf2 Qd4+
8. Kf3 Nh6 9. h3 O-O 10. Re1 Na6 11. a3 Kh8 12. d3 Qh4 13. Bxh6 Qxh6 14. Kg3 Be6
15. Bxe6 fxe6 16. Rf1 Qg5+ 17. Ng4 h5 18. Ne4 Qg6 19. Rh1 hxg4 20. hxg4+ Kg8 21.
b4 Kf7 22. b5 Nb8 23. Rf1+ Ke7 24. Rxf8 Kxf8 25. Qd2 Nd7 26. Rf1+ Kg8 27. Qc3
1-0

[Event "AUTO-ADV-3654"]
[Site "http://www.queenalice.com/game.php?id=1441678"]
[Date "2016.9.17"]
[Round "2"]
[White "Manoeljoaquim"]
[Black "MarcosT"]
[Result "0-1"]
[WhiteElo "1870"]
[BlackElo "1998"]

1. e4 d6 2. f4 e6 3. d4 c6 4. Nf3 g6 5. Bd2 Bg7 6. Bc3 Nf6 7. e5 dxe5 8. fxe5
Nd5 9. Bd3 Nxc3 10. Nxc3 O-O 11. O-O a6 12. a3 b5 13. Ne2 Bb7 14. Ng3 c5 15.
dxc5 Bxf3 16. Qxf3 Nd7 17. Ne4 Nxe5 18. Qg3 Nxd3 19. cxd3 Bxb2 20. Rab1 f5 21.
Rxb2 fxe4 22. dxe4 Rxf1+ 23. Kxf1 Qd1+ 24. Qe1 Rf8+ 25. Rf2 Rxf2+ 26. Kxf2 Qd4+
27. Qe3 Qf6+ 0-1

[Event "AUTO-ADV-3654"]
[Site "http://www.queenalice.com/game.php?id=1441681"]
[Date "2016.9.17"]
[Round "2"]
[White "Manoeljoaquim"]
[Black "prrrudenz"]
[Result "0-1"]
[WhiteElo "1849"]
[BlackElo "2075"]

1. e4 e6 2. Nf3 d5 3. exd5 exd5 4. d4 Nf6 5. Nc3 Be7 6. Bd3 Bg4 7. Bf4 c6 8. Qe2
O-O 9. O-O-O Bb4 10. Be5 Nbd7 11. h3 Bh5 12. g4 Bg6 13. Bxg6 fxg6 14. Ng5 Re8
15. f4 Bxc3 16. bxc3 h6 17. Nf3 Ne4 18. Qh2 Qa5 19. Rd3 Qxa2 0-1

[Event "AUTO-ADV-3654"]
[Site "http://www.queenalice.com/game.php?id=1441682"]
[Date "2016.9.17"]
[Round "2"]
[White "prrrudenz"]
[Black "Manoeljoaquim"]
[Result "1-0"]
[WhiteElo "2082"]
[BlackElo "1842"]

1. e4 e5 2. Nf3 d5 3. Nc3 d4 4. Ne2 f6 5. Ng3 Nc6 6. a3 Bd6 7. Bc4 Bd7 8. Nh4 g6
9. d3 Qe7 10. O-O O-O-O 11. Bd2 Qe8 12. b4 g5 13. Nhf5 Nge7 14. b5 Nxf5 15. Nxf5
Ne7 16. Nxd6+ cxd6 17. a4 Ng6 18. Bb4 1-0

[Event "AUTO-OPEN-3424"]
[Site "http://www.queenalice.com/game.php?id=1452908"]
[Date "2016.12.1"]
[Round "2"]
[White "Manoeljoaquim"]
[Black "raven225"]
[Result "0-1"]
[WhiteElo "1921"]
[BlackElo "1813"]

1. d4 d5 2. Nf3 Nc6 3. e3 Bg4 4. Be2 Nf6 5. Nc3 e6 6. O-O Bd6 7. h3 Bh5 8. b3
O-O 9. Nb5 a6 10. Nxd6 cxd6 11. Bb2 Ne4 12. c3 Ne7 13. Nh2 Bxe2 14. Qxe2 Ng6 15.
Ng4 Qh4 16. Rad1 f5 17. Nh2 Qg5 18. Qf3 Nh4 0-1

[Event "AUTO-OPEN-3424"]
[Site "http://www.queenalice.com/game.php?id=1452909"]
[Date "2016.12.1"]
[Round "2"]
[White "raven225"]
[Black "Manoeljoaquim"]
[Result "1-0"]
[WhiteElo "1858"]
[BlackElo "1874"]

1. e4 e5 2. Nf3 Nc6 3. Nc3 d6 4. Bb5 Bd7 5. O-O Nf6 6. d3 Be7 7. Bg5 h6 8. Bh4
g5 9. Bg3 Nh5 10. h3 Nxg3 11. fxg3 Bf6 12. a3 Bg7 13. Nd5 a6 14. Ba4 Be6 15. c4
O-O 16. b4 g4 17. hxg4 Bxg4 18. Qd2 Ne7 19. Nxe7+ Qxe7 20. Nh2 Be6 21. Nf3 c6
22. Bb3 f5 23. Rab1 b5 24. cxb5 axb5 25. Qa2 Bxb3 26. Qxb3+ Kh8 27. Nh4 1-0

[Event "AUTO-INT-3151"]
[Site "http://www.queenalice.com/game.php?id=1469938"]
[Date "2017.3.22"]
[Round "2"]
[White "Scharlatan"]
[Black "Manoeljoaquim"]
[Result "1-0"]
[WhiteElo "1992"]
[BlackElo "1776"]

1. d4 e6 2. Nf3 d5 3. g3 Nf6 4. Bg2 Be7 5. O-O c6 6. c4 Na6 7. Qc2 dxc4 8. Qxc4
O-O 9. Nc3 Nc7 10. Bf4 Ncd5 11. Rfd1 1-0

[Event "AUTO-INT-3151"]
[Site "http://www.queenalice.com/game.php?id=1469939"]
[Date "2017.3.22"]
[Round "2"]
[White "Manoeljoaquim"]
[Black "Scharlatan"]
[Result "0-1"]
[WhiteElo "1767"]
[BlackElo "1999"]

1. e4 e6 2. d4 d5 3. exd5 exd5 4. Nf3 Nf6 5. Bd3 Bd6 6. Nc3 O-O 7. O-O Bg4 8.
Bg5 c6 9. Be2 Bc7 10. Qc1 Qd6 0-1

[Event "AUTO-INT-3151"]
[Site "http://www.queenalice.com/game.php?id=1469944"]
[Date "2017.3.22"]
[Round "2"]
[White "Manoeljoaquim"]
[Black "italomachado"]
[Result "0-1"]
[WhiteElo "1864"]
[BlackElo "1568"]

1. e4 e5 2. Nf3 f6 3. Nxe5 fxe5 4. Qh5+ g6 5. Qxe5+ Qe7 6. Qxh8 Nf6 7. d3 d5 8.
Bh6 Kd7 9. Bxf8 Qe5 10. Nc3 b6 11. Bg7 Qe6 12. Bxf6 Bb7 13. Qd8+ Kc6 14. O-O-O
Na6 15. exd5+ Kc5 16. d4+ Kb4 0-1

[Event "AUTO-INT-3151"]
[Site "http://www.queenalice.com/game.php?id=1469945"]
[Date "2017.3.22"]
[Round "2"]
[White "italomachado"]
[Black "Manoeljoaquim"]
[Result "1-0"]
[WhiteElo "1596"]
[BlackElo "1836"]

1. e4 e5 2. d4 Qe7 3. dxe5 Qxe5 4. Nc3 Bb4 5. Qe2 Nf6 6. Bd2 c6 7. O-O-O O-O 8.
Nf3 Qe8 9. e5 Bxc3 10. exf6 Bxf6 11. Qd3 d5 12. Re1 Qd8 13. g3 Be6 14. h4 Nd7
15. b4 Nb6 16. h5 Nc4 17. h6 g6 18. Be2 1-0

[Event "AUTO-INT-3151"]
[Site "http://www.queenalice.com/game.php?id=1469946"]
[Date "2017.3.22"]
[Round "2"]
[White "Manoeljoaquim"]
[Black "dmbenati"]
[Result "0-1"]
[WhiteElo "1810"]
[BlackElo "1770"]

1. e4 e5 2. Nf3 Qe7 3. Bc4 d6 4. Nc3 Nc6 5. a3 Nd4 6. d3 Nf6 7. Be3 Nxf3+ 8.
Qxf3 Bg4 9. Qg3 Qd7 10. Nd5 Nxd5 11. Bxd5 Be6 12. c4 Bxd5 13. cxd5 Qa4 14. Qg4
Qb5 15. O-O Qxb2 16. Rfb1 Qc3 0-1

[Event "AUTO-INT-3151"]
[Site "http://www.queenalice.com/game.php?id=1469947"]
[Date "2017.3.22"]
[Round "2"]
[White "dmbenati"]
[Black "Manoeljoaquim"]
[Result "1-0"]
[WhiteElo "1788"]
[BlackElo "1792"]

1. e4 e5 2. Nf3 d6 3. Nc3 f5 4. exf5 Bxf5 5. d3 Nf6 6. Ng5 Qe7 7. Qf3 Bc8 8. Nd5
Nxd5 9. Qxd5 Nc6 10. Be3 Bf5 11. g3 h6 12. Bh3 hxg5 13. Bxf5 Qf6 14. Be4 O-O-O
15. Bxa7 Be7 16. Qb5 Kd7 17. Qxb7 1-0

[Event "AUTO-OPEN-3668"]
[Site "http://www.queenalice.com/game.php?id=1470697"]
[Date "2017.3.27"]
[Round "2"]
[White "Manoeljoaquim"]
[Black "Mulder"]
[Result "0-1"]
[WhiteElo "1769"]
[BlackElo "2441"]

1. e4 e5 2. Nf3 Nc6 3. Bc4 Nf6 4. a3 Nxe4 5. O-O d5 6. Ba2 Be7 7. d4 exd4 8.
Nxd4 O-O 9. c3 Ne5 10. Bf4 Ng6 11. Be3 Nf6 12. Nd2 c5 13. Nc2 Ne5 14. Nf3 Nxf3+
15. Qxf3 Bg4 16. Qg3 Bf5 17. Ne1 Bd6 18. f4 Qe7 19. Nf3 Qxe3+ 0-1

[Event "AUTO-OPEN-3668"]
[Site "http://www.queenalice.com/game.php?id=1470698"]
[Date "2017.3.27"]
[Round "2"]
[White "Mulder"]
[Black "Manoeljoaquim"]
[Result "1-0"]
[WhiteElo "2419"]
[BlackElo "1866"]

1. d4 d5 2. c4 dxc4 3. e4 e5 4. Nf3 Bg4 5. Bxc4 Bxf3 6. Qxf3 Bb4+ 7. Nc3 Bxc3+
8. bxc3 f6 9. Ba3 Nc6 10. Qg4 g6 11. Qe6+ 1-0

[Event "Michelangelo"]
[Site "http://www.queenalice.com/game.php?id=1477140"]
[Date "2017.5.7"]
[Round "2"]
[White "Manoeljoaquim"]
[Black "SubRoger"]
[Result "1/2-1/2"]
[WhiteElo "1760"]
[BlackElo "2053"]

1. e4 d5 2. exd5 Qxd5 3. Nf3 g6 4. d4 Bg7 5. Nc3 Qa5 6. Be2 Nf6 7. Bd2 c6 8. O-O
O-O 9. Bd3 Qb6 10. Rb1 Bg4 11. Be2 Nbd7 12. Be3 Qc7 13. a3 Nb6 14. Qd2 Nfd5 15.
Nxd5 Nxd5 16. Bh6 Rad8 17. Bxg7 Kxg7 18. c3 Nf4 19. Rfe1 Nxe2+ 20. Qxe2 Qf4 21.
Qxe7 Bxf3 22. gxf3 Qxf3 23. Qxb7 Rd5 24. Qe7 h6 25. Re5 Qg4+ 26. Kh1 Qf3+ 27.
Kg1 Qg4+ 28. Kh1 Qf3+ 29. Kg1 1/2-1/2